El gusto del secreto
Saved in:
| Main Authors: | , |
|---|---|
| Format: | Book |
| Language: | Spanish |
| Published: |
Buenos Aires
Amorrortu Editores
2009
|
| Edition: | 1a. ed |
| Series: | Colección Mutaciones
|
| Subjects: | |
| Tags: |
Add Tag
No Tags, Be the first to tag this record!
|
MARC
| LEADER | 00000cam a2200000 a 4500 | ||
|---|---|---|---|
| 001 | UCE8972 | ||
| 003 | CL-VaPUC | ||
| 008 | 150911e20090000ag |||||||||||||||||spa|d | ||
| 020 | |a 9789505187249 | ||
| 082 | 0 | 4 | |a 190 |b DER |2 21 |
| 100 | |a Derrida, Jacques |d 1930-2004 |e author |9 449254 | ||
| 700 | 0 | |a Ferraris, Maurizio |e author |9 581671 | |
| 245 | 1 | 3 | |a El gusto del secreto |
| 250 | |a 1a. ed | ||
| 300 | |a 256 p | ||
| 942 | |c BK | ||
| 945 | |d 20150911 12:29:00 |a gsalatino | ||
| 260 | |a Buenos Aires |b Amorrortu Editores |c 2009 | ||
| 650 | 0 | |a Filosofía moderna |9 258121 | |
| 650 | 0 | |a Filosofía francesa |9 255698 | |
| 583 | |a last modification |c 20150911 12:29:00 |k Rodrigo Vera | ||
| 490 | 0 | |a Colección Mutaciones | |
| 999 | |c 360721 |d 360719 | ||
| 952 | |0 0 |1 0 |3 erb |4 0 |6 190_000000000000000_DER_2009 |7 0 |8 A |9 470641 |a BIBEDU |b BIBEDU |i 519850K |o 190 DER 2009 |p 519850K |r 2019-11-23 |w 2019-11-23 |y BK |z Catalogado en:20150911 |k FIL | ||
| 952 | |0 0 |1 0 |3 erb |4 0 |6 190_000000000000000_DER_2009 |7 0 |8 A |9 470642 |a BIBEDU |b BIBEDU |i 5367522 |o 190 DER 2009 |p 5367522 |r 2019-11-23 |w 2019-11-23 |y BK |z Catalogado en:20170317 |k FIL | ||